[Event "SVK-chT1W 0607"]
[Site "Slovakia"]
[Date "2007.01.14"]
[Round "7.1"]
[White "Moravcik, Rastislav"]
[Black "Minich, Peter"]
[Result "1-0"]
[WhiteElo "2095"]
[BlackElo "2204"]
[PlyCount "51"]
[EventDate "2006.10.07"]
[EventType "team-tourn"]
[EventRounds "11"]
[EventCountry "SVK"]
[SourceTitle "EXT 2008"]
[Source "ChessBase"]
[SourceDate "2007.11.25"]
[SourceVersion "1"]
[SourceVersionDate "2007.11.25"]
[SourceQuality "1"]
[WhiteTeam "Hlohovec SK Zentiva II"]
[BlackTeam "Trnava Lokomotiva"]
[WhiteTeamCountry "SVK"]
[BlackTeamCountry "SVK"]

1. d4 f5 2. e4 fxe4 3. Nc3 Nf6 4. f3 e6 5. fxe4 Bb4 6. Bd3 Qe7 7. Nf3 Nc6 8. 0-0 e5 9. Nd5 Qd6 10. c3 Ba5 11. b4 Bb6 12. a4 a6 13. Nxb6 cxb6 14. Ba3 b5 15. axb5 axb5 16. Bxb5 Ng4 17. Qd2 exd4 18. cxd4 Qh6 19. Qxh6 Nxh6 20. Bc4 Kd8 21. b5 Na5 22. Bd5 Kc7 23. Rfc1+ Kb6 24. Bc5+ Kxb5 25. Rcb1+ Ka6 26. Rb6+ 1-0

[Event "SVK-chT1W 0607"]
[Site "Slovakia"]
[Date "2006.12.02"]
[Round "5.2"]
[White "Kleman, Miroslav"]
[Black "Minich, Peter"]
[Result "1-0"]
[WhiteElo "2120"]
[BlackElo "2204"]
[PlyCount "123"]
[EventDate "2006.10.07"]
[EventType "team-tourn"]
[EventRounds "11"]
[EventCountry "SVK"]
[SourceTitle "EXT 2008"]
[Source "ChessBase"]
[SourceDate "2007.11.25"]
[SourceVersion "1"]
[SourceVersionDate "2007.11.25"]
[SourceQuality "1"]
[WhiteTeam "Budmerice"]
[BlackTeam "Trnava Lokomotiva"]
[WhiteTeamCountry "SVK"]
[BlackTeamCountry "SVK"]

1. d4 e6 2. Nf3 f5 3. g3 Nf6 4. c4 Be7 5. Bg2 0-0 6. 0-0 d6 7. Nc3 c6 8. Qd3 d5 9. Rd1 Qe8 10. a3 Na6 11. b4 Nc7 12. Bf4 dxc4 13. Qxc4 Ncd5 14. Ne5 Bd7 15. Rab1 Rc8 16. Bd2 Bd6 17. f4 Nxc3 18. Qxc3 Bxe5 19. dxe5 Nd5 20. Qd3 Qh5 21. h3 Rfd8 22. Rbc1 Be8 23. Qf3 Qxf3 24. Bxf3 Rd7 25. Bxd5 Rxd5 26. Be3 Rxd1+ 27. Rxd1 b6 28. Rd6 Kf7 29. g4 g6 30. Kf1 Ke7 31. Bf2 Bd7 32. Ke1 Rf8 33. Bh4+ Ke8 34. Bf6 fxg4 35. hxg4 h5 36. Kf2 hxg4 37. Kg3 Rf7 38. Kxg4 Rh7 39. Bh4 c5 40. bxc5 bxc5 41. Ra6 Bc8 42. Rc6 Kd7 43. Rxc5 Ba6 44. Rc2 Bb5 45. Bf2 a6 46. Rd2+ Kc7 47. Kg5 Rh2 48. e4 Rg2+ 49. Kf6 Rg4 50. Be3 Rg3 51. Rc2+ Kb7 52. Rc3 Bc6 53. Kxe6 Bxe4 54. Kd7 Bf5+ 55. e6 Rh3 56. Rb3+ Ka8 57. Kd6 Rh1 58. e7 Rh8 59. Bb6 Bc2 60. Rb4 Bd3 61. Bc7 Ka7 62. Rb8 1-0

[Event "SVK-chT1W 0607"]
[Site "Slovakia"]
[Date "2006.11.05"]
[Round "4.3"]
[White "Minich, Peter"]
[Black "Stepanovic, Branislav"]
[Result "1-0"]
[WhiteElo "2204"]
[BlackElo "2054"]
[PlyCount "139"]
[EventDate "2006.10.07"]
[EventType "team-tourn"]
[EventRounds "11"]
[EventCountry "SVK"]
[SourceTitle "EXT 2008"]
[Source "ChessBase"]
[SourceDate "2007.11.25"]
[SourceVersion "1"]
[SourceVersionDate "2007.11.25"]
[SourceQuality "1"]
[WhiteTeam "Trnava Lokomotiva"]
[BlackTeam "Piestany Kupele"]
[WhiteTeamCountry "SVK"]
[BlackTeamCountry "SVK"]

1. e4 c5 2. g3 g6 3. Bg2 Bg7 4. Ne2 e5 5. c3 Nc6 6. Na3 Nge7 7. 0-0 d5 8. d3 dxe4 9. dxe4 0-0 10. Be3 b6 11. Qa4 Bd7 12. Rad1 Nd4 13. Qc4 b5 14. Qd3 c4 15. Qd2 Nxe2+ 16. Qxe2 Qc7 17. Qd2 Bc6 18. Nc2 Qb7 19. f3 Rfe8 20. Nb4 a5 21. Nxc6 Nxc6 22. f4 Rad8 23. Qe2 Rxd1 24. Rxd1 Rd8 25. f5 Rxd1+ 26. Qxd1 b4 27. Bf1 bxc3 28. bxc3 gxf5 29. exf5 e4 30. Bxc4 Bxc3 31. Qg4+ Kh8 32. Qxe4 Qe7 33. Qxe7 Nxe7 34. g4 Kg7 35. Kg2 Kf6 36. h4 Nc6 37. Bd3 Ke5 38. g5 Nb4 39. Bb1 Nd5 40. Bc1 Bd4 41. Kf3 Nc3 42. Bf4+ Kd5 43. Bc2 a4 44. Bd2 Nxa2 45. Bxa4 Ke5 46. Kg4 Nc3 47. Bf4+ Ke4 48. Bc2+ Kd5 49. Bb3+ Ke4 50. Bxf7 Nd1 51. Bd2 Nf2+ 52. Kh5 Kxf5 53. Bg8 h6 54. Bh7+ Ke6 55. Kxh6 Ng4+ 56. Kh5 Ne5 57. Bf4 Kf7 58. Bf5 Kg7 59. Be4 Bc3 60. g6 Nxg6 61. Bxg6 Bd4 62. Bf5 Bc3 63. Kg4 Bd4 64. h5 Bc3 65. h6+ Kh8 66. Kg5 Bb2 67. Kg6 Bc3 68. Bd6 Kg8 69. Be6+ Kh8 70. Bf5 1-0

[Event "SVK-chT1W 0607"]
[Site "Slovakia"]
[Date "2006.10.07"]
[Round "1.3"]
[White "Pacher, Milan"]
[Black "Minich, Peter"]
[Result "1-0"]
[WhiteElo "2363"]
[BlackElo "2204"]
[PlyCount "63"]
[EventDate "2006.10.07"]
[EventType "team-tourn"]
[EventRounds "11"]
[EventCountry "SVK"]
[SourceTitle "EXT 2008"]
[Source "ChessBase"]
[SourceDate "2007.11.25"]
[SourceVersion "1"]
[SourceVersionDate "2007.11.25"]
[SourceQuality "1"]
[WhiteTeam "Bratislava Slovan"]
[BlackTeam "Trnava Lokomotiva"]
[WhiteTeamCountry "SVK"]
[BlackTeamCountry "SVK"]

1. e4 c6 2. d4 Nf6 3. Nc3 g6 4. e5 Nd5 5. Nxd5 cxd5 6. Bd3 Nc6 7. c3 d6 8. f4 Bg7 9. Nf3 dxe5 10. fxe5 0-0 11. 0-0 f5 12. Qe1 e6 13. Qg3 Bd7 14. Qh3 h5 15. Ng5 Qb6 16. Rf2 Nd8 17. Qh4 Nf7 18. h3 Nxg5 19. Bxg5 Kf7 20. Bf6 Be8 21. Be7 Rh8 22. Raf1 Qc7 23. Bf6 Kg8 24. Bg5 Rc8 25. Qf4 Bf8 26. g4 Qh7 27. gxf5 exf5 28. Bf6 Bg7 29. Rg2 Qh6 30. Qg5 Kf7 31. Bxg7 Qxg7 32. Bxf5 1-0

[Event "SVK-chT2A 0506"]
[Site "Slovakia"]
[Date "2006.03.12"]
[Round "11.6"]
[White "Minich, Peter"]
[Black "Milanov, Yasen"]
[Result "1/2-1/2"]
[WhiteElo "2197"]
[BlackElo "1988"]
[PlyCount "33"]
[EventDate "2005.10.22"]
[EventType "tourn"]
[EventRounds "11"]
[EventCountry "SVK"]
[SourceTitle "EXT 2009"]
[Source "ChessBase"]
[SourceDate "2008.11.26"]
[SourceVersion "1"]
[SourceVersionDate "2008.11.26"]
[SourceQuality "1"]

1. e4 e6 2. d4 d5 3. Nc3 dxe4 4. Nxe4 Nd7 5. Ne2 Ngf6 6. N2g3 Nxe4 7. Nxe4 Nf6 8. Bd3 Nxe4 9. Bxe4 c5 10. Be3 cxd4 11. Bxd4 Qc7 12. 0-0 Bd7 13. Qf3 Bc6 14. Qc3 f6 15. Rfe1 e5 16. Bxc6+ bxc6 17. f4 1/2-1/2

[Event "SVK-chT2A 0506"]
[Site "Slovakia"]
[Date "2006.02.12"]
[Round "9.5"]
[White "Goga, Frantisek"]
[Black "Minich, Peter"]
[Result "0-1"]
[WhiteElo "2019"]
[BlackElo "2197"]
[PlyCount "146"]
[EventDate "2005.10.22"]
[EventType "tourn"]
[EventRounds "11"]
[EventCountry "SVK"]
[SourceTitle "EXT 2009"]
[Source "ChessBase"]
[SourceDate "2008.11.26"]
[SourceVersion "1"]
[SourceVersionDate "2008.11.26"]
[SourceQuality "1"]

1. e4 c6 2. d4 Nf6 3. Nc3 g6 4. Be3 Bg7 5. f3 d5 6. e5 Ng8 7. Qd2 h5 8. 0-0-0 Nh6 9. Bd3 Bf5 10. Nge2 Bxd3 11. Qxd3 e6 12. h4 Nf5 13. Bg5 Bh6 14. Bxh6 Rxh6 15. g4 Ng7 16. Qd2 Rh8 17. Qg5 Na6 18. Qf6 Kf8 19. Nf4 Qxf6 20. exf6 Ne8 21. g5 Nd6 22. Nd3 Ke8 23. Ne2 Nb8 24. Rde1 Nf5 25. c3 Nd7 26. Nef4 Kd8 27. Ne5 Nxe5 28. Rxe5 Kd7 29. Nd3 Kd6 30. Ree1 Rac8 31. Kd2 Rc7 32. Ne5 Rf8 33. Nd3 Kd7 34. Nc5+ Kc8 35. Rh2 Re8 36. Nd3 Nd6 37. b3 b6 38. Nf4 Kd7 39. Rhe2 c5 40. Nd3 cxd4 41. Ne5+ Kc8 42. cxd4 Nf5 43. Kd3 Nxh4 44. Rc2 Rxc2 45. Kxc2 Rf8 46. Kd3 Nf5 47. Rc1+ Kb7 48. a4 Nd6 49. Rc6 Nf5 50. b4 h4 51. b5 h3 52. Rc2 Rh8 53. Rh2 Nd6 54. Ng4 Rh5 55. Nh6 Rxg5 56. Rxh3 Rh5 57. Rxh5 gxh5 58. Ke2 a6 59. Kf2 axb5 60. axb5 Kc7 61. Kg3 Kd7 62. Kh4 Ke8 63. Kxh5 Nxb5 64. Ng4 Nxd4 65. Ne5 b5 66. Kg4 b4 67. Nd3 b3 68. Kf4 Nc2 69. Nb2 Na3 70. Na4 Nc4 71. Nc3 b2 72. Nb1 e5+ 73. Kf5 Kd7 0-1

[Event "SVK-chT2A 0506"]
[Site "Slovakia"]
[Date "2006.02.11"]
[Round "8.5"]
[White "Minich, Peter"]
[Black "Kebis, Milos"]
[Result "1-0"]
[WhiteElo "2197"]
[BlackElo "2038"]
[PlyCount "66"]
[EventDate "2005.10.22"]
[EventType "tourn"]
[EventRounds "11"]
[EventCountry "SVK"]
[SourceTitle "EXT 2009"]
[Source "ChessBase"]
[SourceDate "2008.11.26"]
[SourceVersion "1"]
[SourceVersionDate "2008.11.26"]
[SourceQuality "1"]

1. e4 g6 2. g3 Bg7 3. Bg2 d6 4. Ne2 Nf6 5. 0-0 0-0 6. c4 e5 7. Nbc3 Nc6 8. d3 Be6 9. Nd5 Rb8 10. h3 b5 11. Kh2 Na5 12. Bd2 Nc6 13. Rb1 bxc4 14. dxc4 Bxd5 15. cxd5 Nb4 16. Qa4 Qd7 17. Qxa7 Ra8 18. Qe3 Nxa2 19. b4 Rfb8 20. Rb2 Qb5 21. Ra1 Qc4 22. Bf1 Qxe4 23. Qxe4 Nxe4 24. Rbxa2 Rxa2 25. Rxa2 Nxd2 26. Rxd2 Rxb4 27. Rc2 Rb7 28. Nc3 Bf6 29. Nb5 Bd8 30. Nxd6 Rb1 31. Bd3 Kg7 32. Ne8+ Kf8 33. Nxc7 Rd1 1-0

[Event "SVK-chT2A 0506"]
[Site "Slovakia"]
[Date "2005.11.27"]
[Round "4.3"]
[White "Minich, Peter"]
[Black "Eged, Igor"]
[Result "1-0"]
[WhiteElo "2197"]
[BlackElo "2107"]
[PlyCount "63"]
[EventDate "2005.10.22"]
[EventType "tourn"]
[EventRounds "11"]
[EventCountry "SVK"]
[SourceTitle "EXT 2009"]
[Source "ChessBase"]
[SourceDate "2008.11.26"]
[SourceVersion "1"]
[SourceVersionDate "2008.11.26"]
[SourceQuality "1"]

1. e4 c6 2. f4 e5 3. d3 d6 4. Nf3 Bg4 5. Be2 exf4 6. Bxf4 Nf6 7. Nbd2 Be7 8. 0-0 0-0 9. Kh1 h6 10. Nd4 Bc8 11. Qe1 Nh7 12. Qg3 Bh4 13. Qe3 Bf6 14. Nc4 Bg5 15. Qg3 Bxf4 16. Qxf4 d5 17. Nd6 dxe4 18. dxe4 c5 19. Nb3 Qc7 20. Bc4 Ng5 21. e5 Be6 22. h4 Bxc4 23. Qxc4 Ne6 24. Nxf7 Qe7 25. Nd6 Nd7 26. Qe4 Nd4 27. Nxd4 cxd4 28. Qd5+ Kh7 29. Nf5 Qxe5 30. Qxd7 Rad8 31. Qe7 Rxf5 32. Qxd8 1-0

[Event "SVK-chT1W 0203"]
[Site "Slovakia"]
[Date "2003.01.18"]
[Round "7.2"]
[White "Minich, Peter"]
[Black "Smolen, Jan"]
[Result "1/2-1/2"]
[WhiteElo "2212"]
[BlackElo "2148"]
[PlyCount "97"]
[EventDate "2002.10.12"]
[EventType "tourn"]
[EventRounds "11"]
[EventCountry "SVK"]
[SourceTitle "EXT 2005"]
[Source "ChessBase"]
[SourceDate "2004.11.15"]
[SourceVersion "1"]
[SourceVersionDate "2004.11.15"]
[SourceQuality "1"]
[WhiteTeam "Trnava"]
[BlackTeam "Devinska Nova Ves"]
[WhiteTeamCountry "SVK"]
[BlackTeamCountry "SVK"]

1. e4 c5 2. g3 d5 3. exd5 Qxd5 4. Nf3 Bg4 5. Bg2 Qe6+ 6. Kf1 Bh3 7. Ng5 Bxg2+ 8. Kxg2 Qc6+ 9. Qf3 Nf6 10. Nc3 h6 11. Nge4 Nxe4 12. Nxe4 g6 13. Re1 f5 14. Nc3 Qxf3+ 15. Kxf3 Nc6 16. Nb5 0-0-0 17. d3 a6 18. Na3 c4 19. dxc4 e5 20. Kg2 Bxa3 21. bxa3 e4 22. Bb2 Rh7 23. Rad1 Rhd7 24. Rxd7 Rxd7 25. Bc3 Nd4 26. Rb1 g5 27. Rb6 Nf3 28. Rb1 Rc7 29. Rb4 a5 30. Rb2 a4 31. Rb4 Rd7 32. Rb1 b6 33. h3 Kc7 34. Kf1 Nd2+ 35. Bxd2 Rxd2 36. Rb2 Rd1+ 37. Ke2 Rh1 38. Rb5 f4 39. gxf4 gxf4 40. c5 Rxh3 41. cxb6+ Kb7 42. Rb4 Rxa3 43. Rxe4 Rxa2 44. Kd2 f3 45. Rh4 Ra1 46. Rxh6 Rf1 47. Rh4 Rxf2+ 48. Ke3 Rxc2 49. Rxa4 1/2-1/2

[Event "SVK-chT2W 0102"]
[Site "Slovakia"]
[Date "2002.02.16"]
[Round "8.5"]
[White "Mikulas, Dusan"]
[Black "Minich, Peter"]
[Result "1/2-1/2"]
[WhiteElo "2176"]
[BlackElo "2208"]
[PlyCount "99"]
[EventDate "2001.10.??"]
[EventType "team-tourn"]
[EventRounds "11"]
[EventCountry "SVK"]
[SourceTitle "EXT 2006"]
[Source "ChessBase"]
[SourceDate "2005.11.24"]
[SourceVersion "1"]
[SourceVersionDate "2005.11.24"]
[SourceQuality "1"]

1. e4 c6 2. d4 Nf6 3. Nc3 g6 4. e5 Nd5 5. Nxd5 cxd5 6. c3 Bg7 7. Be3 Nc6 8. Qd2 d6 9. exd6 Qxd6 10. Bf4 e5 11. dxe5 Bxe5 12. Bxe5 Qxe5+ 13. Qe2 Bg4 14. Qxe5+ Nxe5 15. Bb5+ Ke7 16. f3 Bf5 17. Kf2 Rhd8 18. Rd1 Rd6 19. g4 Be6 20. Rd2 a6 21. Be2 Rad8 22. Nh3 d4 23. cxd4 Rxd4 24. Rxd4 Rxd4 25. Ke3 Rb4 26. b3 h5 27. Nf2 hxg4 28. f4 Nd7 29. Nxg4 g5 30. Rf1 Bxg4 31. Bxg4 Nf6 32. Bf3 Rxf4 33. Rg1 Rh4 34. Bxb7 Rxh2 35. Rxg5 Rxa2 36. Re5+ Kd6 37. Rf5 Ke6 38. Bc8+ Ke7 39. Kd4 a5 40. Re5+ Kd8 41. Ba6 Nd7 42. Rf5 Kc7 43. Bb5 Nf8 44. Ba4 Ne6+ 45. Ke3 Kd6 46. Rxf7 Nc5 47. Kd4 Nxa4 48. bxa4 Rxa4+ 49. Kc3 Ra1 50. Kb2 1/2-1/2

[Event "SVK-chT2W 0102"]
[Site "Slovakia"]
[Date "2001.12.16"]
[Round "6.7"]
[White "Mydlarik, Martin"]
[Black "Minich, Peter"]
[Result "1/2-1/2"]
[WhiteElo "2095"]
[BlackElo "2208"]
[PlyCount "88"]
[EventDate "2001.10.??"]
[EventType "team-tourn"]
[EventRounds "11"]
[EventCountry "SVK"]
[SourceTitle "EXT 2006"]
[Source "ChessBase"]
[SourceDate "2005.11.24"]
[SourceVersion "1"]
[SourceVersionDate "2005.11.24"]
[SourceQuality "1"]

1. d4 e6 2. g3 c5 3. Nf3 Nf6 4. c3 d5 5. Bg2 Nc6 6. 0-0 Be7 7. h3 0-0 8. Ne5 cxd4 9. Nxc6 bxc6 10. cxd4 c5 11. b3 cxd4 12. Bb2 Bc5 13. Bxd4 Bxd4 14. Qxd4 Ba6 15. Re1 Qb6 16. Qb2 Rac8 17. Na3 Rc7 18. Rac1 Rfc8 19. Rcd1 Rc3 20. e3 h6 21. Rd2 Nd7 22. Nb1 R3c7 23. Red1 Nc5 24. Qd4 Bb7 25. h4 Nd7 26. Qb2 Qb4 27. Rd4 Rc4 28. R4d2 R4c7 29. a3 Qa5 30. e4 Nf6 31. exd5 exd5 32. Qd4 Re7 33. Bf3 Rce8 34. Kg2 Ne4 35. Rc2 Qb5 36. b4 a5 37. Nc3 Nxc3 38. Rxc3 Re1 39. Rxe1 Rxe1 40. Qd3 Qxd3 41. Rxd3 axb4 42. axb4 Rb1 43. Bxd5 Bxd5+ 44. Rxd5 Rxb4 1/2-1/2

[Event "SVK-chT2W 0102"]
[Site "Slovakia"]
[Date "2001.10.20"]
[Round "1.5"]
[White "Minich, Peter"]
[Black "Bury, Rastislav"]
[Result "1-0"]
[WhiteElo "2208"]
[BlackElo "2001"]
[PlyCount "67"]
[EventDate "2001.10.??"]
[EventType "team-tourn"]
[EventRounds "11"]
[EventCountry "SVK"]
[SourceTitle "EXT 2006"]
[Source "ChessBase"]
[SourceDate "2005.11.24"]
[SourceVersion "1"]
[SourceVersionDate "2005.11.24"]
[SourceQuality "1"]

1. e4 e5 2. Nf3 Nc6 3. Bb5 a6 4. Ba4 Nf6 5. d3 b5 6. Bb3 Be7 7. c3 d6 8. 0-0 0-0 9. Re1 Na5 10. Bc2 c5 11. Nbd2 Bg4 12. h3 Bh5 13. Nf1 Re8 14. g4 Bg6 15. Ng3 h5 16. gxh5 Bh7 17. h6 Qc8 18. Kg2 g6 19. Bg5 Kh8 20. Rh1 Ng8 21. h4 f6 22. Be3 Bf8 23. Qd2 f5 24. Ng5 Nxh6 25. h5 f4 26. hxg6 Bxg6 27. Bxf4 exf4 28. Qxf4 Qd8 29. Rxh6+ Bxh6 30. Rh1 Kg7 31. Rxh6 Qe7 32. Rxg6+ Kxg6 33. Qf5+ Kh6 34. Nf7+ 1-0

[Event "SVK-chT1W 9899"]
[Site "Slovakia"]
[Date "1998.??.??"]
[Round "3"]
[White "Franzen, Jozef"]
[Black "Minich, Peter"]
[Result "1/2-1/2"]
[WhiteElo "2320"]
[BlackElo "2215"]
[PlyCount "127"]
[EventDate "1998.??.??"]
[EventType "team-tourn"]
[EventRounds "9"]
[EventCountry "SVK"]
[SourceTitle "EXT 2000"]
[Source "ChessBase"]
[SourceDate "1999.11.16"]
[SourceVersion "1"]
[SourceVersionDate "1999.11.16"]
[SourceQuality "1"]

1. e4 c5 2. Nf3 b6 3. d4 cxd4 4. Nxd4 Bb7 5. Nc3 Nc6 6. Be3 Nf6 7. f3 e6 8. Qd2 Be7 9. g4 0-0 10. g5 Nxd4 11. Bxd4 Nh5 12. Rg1 d5 13. e5 Bc5 14. 0-0-0 Qc8 15. Be2 Ba6 16. Rg4 Bxd4 17. Rxd4 Bxe2 18. Nxe2 Qc7 19. Rh4 g6 20. f4 Rfc8 21. Nd4 Qc4 22. Kb1 Qc5 23. f5 exf5 24. Nxf5 gxf5 25. Rxh5 d4 26. Rh4 Qxe5 27. Rxd4 Re8 28. b3 Rac8 29. h4 Rc5 30. Rd7 a5 31. Rd6 Rec8 32. Rd8+ Kg7 33. Rxc8 Rxc8 34. a4 Rc6 35. Rf1 Rd6 36. Rxf5 Qe7 37. Qc3+ Kg8 38. Re5 Re6 39. Rd5 Rd6 40. Rxd6 Qxd6 41. Kb2 h5 42. Ka2 Qf4 43. Qe1 Qd4 44. c3 Qd3 45. Kb2 Kf8 46. Qf2 Kg8 47. Qd4 Qe2+ 48. Kc1 Qe1+ 49. Kb2 Qe2+ 50. Ka3 Qe1 51. b4 Qa1+ 52. Kb3 axb4 53. Qd8+ Kg7 54. Qf6+ Kg8 55. Kxb4 Qb2+ 56. Kc4 Qe2+ 57. Kd5 Qa2+ 58. c4 Qg2+ 59. Kd6 Qg3+ 60. Kc6 Qxh4 61. Qd8+ Kg7 62. Qf6+ Kg8 63. Qd8+ Kg7 64. Qf6+ 1/2-1/2

[Event "SVK-chT 9798"]
[Site "Slovakia"]
[Date "1997.??.??"]
[Round "3"]
[White "Minich, Peter"]
[Black "Ruckschloss, Karol"]
[Result "0-1"]
[WhiteElo "2250"]
[BlackElo "2215"]
[PlyCount "106"]
[EventDate "1997.??.??"]
[EventType "team-tourn"]
[EventRounds "11"]
[EventCountry "SVK"]
[SourceTitle "EXT 1999"]
[Source "ChessBase"]
[SourceDate "1998.11.16"]
[SourceVersion "1"]
[SourceVersionDate "1998.11.16"]
[SourceQuality "1"]

1. e4 d6 2. d4 Nf6 3. f3 e5 4. Ne2 Be7 5. Be3 0-0 6. Nbc3 c5 7. dxe5 dxe5 8. Nd5 Nxd5 9. Qxd5 Qb6 10. Qb3 Be6 11. Qxb6 axb6 12. Nc3 Nc6 13. a3 Rfd8 14. Be2 Nd4 15. Rc1 f5 16. exf5 Nxf5 17. Bf2 Bg5 18. Rd1 Ne3 19. Bxe3 Bxe3 20. Bd3 Bd4 21. Nb5 c4 22. Be2 Rac8 23. c3 Be3 24. Nd6 Rc7 25. Ne4 Rcd7 26. Rb1 b5 27. Ng3 Bf7 28. Nf1 Bc5 29. h4 Bg6 30. Ra1 Bc2 31. h5 e4 32. f4 e3 33. Rh3 Re7 34. g4 h6 35. Rc1 Bd3 36. Rd1 Rd6 37. g5 Bxe2 38. Rxd6 Bxd6 39. Kxe2 Bxf4 40. g6 Bg5 41. Nxe3 Kf8 42. Kf2 Rxe3 43. Rxe3 Bxe3+ 44. Kxe3 Ke7 45. a4 bxa4 46. Kd4 Kf6 47. Kxc4 Kg5 48. Kb5 Kxh5 49. c4 Kxg6 50. c5 h5 51. Kb6 h4 52. Kxb7 h3 53. c6 h2 0-1

[Event "SVK-chT 9596"]
[Site "Slovakia"]
[Date "1996.??.??"]
[Round "6"]
[White "Bednar, Jaromir"]
[Black "Minich, Peter"]
[Result "1/2-1/2"]
[WhiteElo "2235"]
[BlackElo "2230"]
[PlyCount "73"]
[EventDate "1995.??.??"]
[EventType "team-tourn"]
[EventRounds "13"]
[EventCountry "SVK"]
[SourceTitle "EXT 1998"]
[Source "ChessBase"]
[SourceDate "1997.11.17"]
[SourceVersion "1"]
[SourceVersionDate "1997.11.17"]
[SourceQuality "1"]

1. e4 c6 2. d4 g6 3. Nc3 Bg7 4. Nf3 d6 5. h3 Nf6 6. Bd3 Qc7 7. Bf4 Nbd7 8. 0-0 e5 9. Be3 0-0 10. a4 d5 11. dxe5 Nxe4 12. Bxe4 dxe4 13. Nxe4 Nxe5 14. Bf4 Bf5 15. Re1 Rad8 16. Qe2 Bxe4 17. Qxe4 Nxf3+ 18. Qxf3 Qb6 19. Rab1 Rfe8 20. b3 Qb4 21. Red1 Rxd1+ 22. Rxd1 Re1+ 23. Rxe1 Qxe1+ 24. Kh2 Be5 25. Qg3 Bd4 26. Bh6 Be5 27. f4 Qxg3+ 28. Kxg3 Bd6 29. Kf3 f5 30. c4 Kf7 31. g4 Ke6 32. Bg7 a6 33. g5 b5 34. Bd4 Ba3 35. Be5 Bc5 36. Bc3 Be7 37. Ke2 1/2-1/2

[Event "SVK-chT 9596"]
[Site "Slovakia"]
[Date "1996.??.??"]
[Round "7"]
[White "Jurica, Peter"]
[Black "Minich, Peter"]
[Result "0-1"]
[WhiteElo "2210"]
[BlackElo "2230"]
[PlyCount "50"]
[EventDate "1995.??.??"]
[EventType "team-tourn"]
[EventRounds "13"]
[EventCountry "SVK"]
[SourceTitle "EXT 1998"]
[Source "ChessBase"]
[SourceDate "1997.11.17"]
[SourceVersion "1"]
[SourceVersionDate "1997.11.17"]
[SourceQuality "1"]

1. Nf3 c5 2. g3 b6 3. Bg2 Bb7 4. 0-0 Nf6 5. c4 g6 6. Nc3 Bg7 7. d4 cxd4 8. Nb5 0-0 9. Nbxd4 Nc6 10. Ne5 Qc8 11. Ndxc6 dxc6 12. Qa4 c5 13. Nc6 Qe8 14. Qb5 e5 15. f4 exf4 16. Bxf4 Ne4 17. Nxa7 Rxa7 18. Qxb6 Qa8 19. Rad1 Nxg3 20. hxg3 Bxg2 21. Rf2 Bh3 22. Qxc5 Rxa2 23. b4 Ra1 24. Rxa1 Qxa1+ 25. Kh2 Bd4 0-1

[Event "SVK-chT 9596"]
[Site "Slovakia"]
[Date "1996.??.??"]
[Round "11"]
[White "Minich, Peter"]
[Black "Franzen, Jozef"]
[Result "1-0"]
[WhiteElo "2230"]
[BlackElo "2300"]
[PlyCount "73"]
[EventDate "1995.??.??"]
[EventType "team-tourn"]
[EventRounds "13"]
[EventCountry "SVK"]
[SourceTitle "EXT 1998"]
[Source "ChessBase"]
[SourceDate "1997.11.17"]
[SourceVersion "1"]
[SourceVersionDate "1997.11.17"]
[SourceQuality "1"]

1. e4 d6 2. d4 Nf6 3. Qd3 Nbd7 4. g3 e5 5. c3 exd4 6. cxd4 d5 7. e5 Ne4 8. Bg2 Bb4+ 9. Kf1 c5 10. f3 Ng5 11. a3 Ba5 12. dxc5 Nxc5 13. Qb5+ Bd7 14. Qxc5 Rc8 15. Bxg5 Rxc5 16. Bxd8 Rc1+ 17. Ke2 Kxd8 18. b4 Bb6 19. Nh3 Rxh1 20. Bxh1 Bxh3 21. f4 f6 22. Nc3 Bd4 23. Rc1 Bg4+ 24. Kd3 fxe5 25. Nxd5 Bd7 26. Rc7 Bc6 27. Rxg7 Bb2 28. fxe5 Bxe5 29. Rf7 h5 30. Be4 Bb2 31. a4 Ke8 32. Rf2 Be5 33. b5 Bxd5 34. Bxd5 h4 35. Re2 Rh5 36. Bf3 Rf5 37. Ke4 1-0

[Event "SVK-chT2B 9394"]
[Site "Slovakia"]
[Date "1994.??.??"]
[Round "11"]
[White "Mandak, Miroslav"]
[Black "Minich, Peter"]
[Result "0-1"]
[WhiteElo "2060"]
[BlackElo "2215"]
[PlyCount "110"]
[EventDate "1993.??.??"]
[EventType "team-tourn"]
[EventRounds "14"]
[EventCountry "SVK"]
[SourceTitle "EXT 2001"]
[Source "ChessBase"]
[SourceDate "2000.11.22"]
[SourceVersion "1"]
[SourceVersionDate "2000.11.22"]
[SourceQuality "1"]

1. e4 c5 2. Nf3 e6 3. d4 cxd4 4. Nxd4 Nf6 5. Nc3 Bb4 6. Bd3 Nc6 7. Nde2 Ne5 8. 0-0 0-0 9. Bg5 Be7 10. Bf4 d6 11. Kh1 Bd7 12. f3 Bc6 13. Nd4 Nxd3 14. cxd3 Rc8 15. Be3 Bd7 16. Qb3 b6 17. a4 e5 18. Nde2 Rb8 19. d4 Be6 20. d5 Bc8 21. Rfc1 Nd7 22. Qa3 a6 23. b4 f5 24. Rc2 Nf6 25. Qc1 fxe4 26. fxe4 Ng4 27. Ng1 Qe8 28. Nf3 Qh5 29. Bg1 Bh4 30. Nxh4 Qxh4 31. Ne2 Nf6 32. Ng3 Nxe4 33. Nxe4 Qxe4 34. Qd2 Bb7 35. Re1 Qg6 36. Bxb6 Rbc8 37. Rcc1 Qf7 38. Rcd1 Rc4 39. h3 Rfc8 40. Re2 Qh5 41. Qe1 Rxb4 42. a5 Rb5 43. Red2 Rc4 44. Qg3 Rc2 45. Kh2 Rbb2 46. Qf2 Qxd1 47. Qh4 Qf1 48. Bf2 h6 49. Qd8+ Kh7 50. Qf8 Bxd5 51. Qf5+ Kh8 52. Qf8+ Bg8 53. Rxd6 Qxf2 54. Rxh6+ gxh6 55. Qxh6+ Bh7 0-1

[Event "SVK-chT"]
[Site "Slovakia"]
[Date "1994.??.??"]
[Round "?"]
[White "Minich, Peter"]
[Black "Hagarova, Zuzana"]
[Result "1/2-1/2"]
[WhiteElo "2215"]
[BlackElo "2095"]
[PlyCount "65"]
[EventDate "1994.??.??"]
[EventType "team-tourn"]
[EventRounds "13"]
[EventCountry "SVK"]
[SourceTitle "TD"]
[Source "ChessBase"]
[SourceDate "1994.03.01"]
[SourceVersion "1"]
[SourceVersionDate "1994.03.01"]
[SourceQuality "1"]

1. e4 e6 2. d4 d5 3. Nc3 Nf6 4. Bg5 Be7 5. Bxf6 Bxf6 6. Nf3 0-0 7. Qd2 b6 8. Bd3 Ba6 9. 0-0 Bxd3 10. Qxd3 Nc6 11. Rad1 Qd7 12. Ne2 Rad8 13. c3 dxe4 14. Qxe4 Qd5 15. Ng3 Qxe4 16. Nxe4 Be7 17. Rfe1 Na5 18. Ne5 Bd6 19. Nd2 Bxe5 20. dxe5 Rd5 21. Nf3 Rfd8 22. Rxd5 Rxd5 23. Kf1 Nc4 24. b3 Nd2+ 25. Ke2 Nxf3 26. Kxf3 Rd3+ 27. Re3 Rd2 28. Re2 Rd3+ 29. Re3 Rd2 30. a4 Kf8 31. c4 Ke7 32. Re2 Rd3+ 33. Re3 1/2-1/2

[Event "SVK-chT"]
[Site "Slovakia"]
[Date "1994.??.??"]
[Round "?"]
[White "Minich, Peter"]
[Black "Pikulik, Martin"]
[Result "1-0"]
[WhiteElo "2215"]
[BlackElo "2150"]
[PlyCount "71"]
[EventDate "1994.??.??"]
[EventType "team-tourn"]
[EventRounds "13"]
[EventCountry "SVK"]
[SourceTitle "TD"]
[Source "ChessBase"]
[SourceDate "1994.03.01"]
[SourceVersion "1"]
[SourceVersionDate "1994.03.01"]
[SourceQuality "1"]

1. e4 c5 2. g3 e6 3. Bg2 Nc6 4. Ne2 Nf6 5. Nbc3 Be7 6. 0-0 0-0 7. d4 cxd4 8. Nxd4 d5 9. exd5 exd5 10. Be3 Ne5 11. Nde2 Bg4 12. h3 Bf3 13. Bxf3 Nxf3+ 14. Kg2 Ne5 15. Nf4 Nc4 16. Ncxd5 b5 17. b3 Nxe3+ 18. Nxe3 Bc5 19. Nfd5 b4 20. Qf3 Nxd5 21. Nxd5 Rc8 22. c4 bxc3 23. Nxc3 Bd4 24. Rac1 Qa5 25. Na4 h6 26. Rxc8 Rxc8 27. Rd1 Bf6 28. Qb7 Rc7 29. Qa8+ Kh7 30. Qe4+ Kg8 31. Rd5 Qa6 32. Nc5 Qxa2 33. Nd7 Qb2 34. Qe8+ Kh7 35. Nf8+ Kg8 36. Ne6+ 1-0